Statistics for Disney Movie Images - Click Quiz

Click here to take the quiz!

General Stats

  • This quiz has been taken 43,978 times
  • The average score is 19 of 20

Answer Stats

HintAnswer% Correct
Aladdin
98%
Beauty and the Beast
98%
Frozen
98%
Bambi
97%
Cinderella
97%
Hercules
97%
The Jungle Book
97%
The Lion King
97%
The Little Mermaid
97%
Moana
97%
One Hundred and One Dalmatians
97%
Pinocchio
97%
Dumbo
96%
Peter Pan
95%
The Princess and the Frog
95%
Tangled
95%
Mulan
94%
Encanto
93%
Lady and the Tramp
93%
Pocahontas
91%

Score Distribution

Percentile by Number Answered

Percent of People with Each Score

Your Score History

You have not taken this quiz